Problems in quantum mechanics

Wedi'i Gadw mewn:
Manylion Llyfryddiaeth
Prif Awduron: Gol'dman, Iosif Il'ich (Awdur), Krivchenkov, Vladimir Dmitrievich (Awdur)
Fformat: Llyfr
Iaith:Saesneg
Cyhoeddwyd: Nueva York Dover 1993
Rhifyn:1a. ed
Pynciau:
Tagiau: Ychwanegu Tag
Dim Tagiau, Byddwch y cyntaf i dagio'r cofnod hwn!

MARC

LEADER 00000cam a2200000 a 4500
001 UCL7678
003 CL-VaPUC
008 040528e19930000us |||||||||||||||||eng|d
020 |a 0486675270 
082 0 4 |a 530.12  |b GOL  |2 21 
100 |a Gol'dman, Iosif Il'ich  |e author  |9 536142 
700 0 |a Krivchenkov, Vladimir Dmitrievich  |e author  |9 485526 
245 1 0 |a Problems in quantum mechanics 
250 |a 1a. ed 
300 |a 275 p 
942 |c BK 
945 |d 20040528 00:00:00  |a cmena 
260 |a Nueva York  |b Dover  |c 1993 
650 0 |a Teoría cuántica  |9 266148 
650 0 |a Física cuántica  |9 354949 
583 |a last modification  |c 20180102 04:05:38  |k Rodrigo Vera 
999 |c 309304  |d 309302 
952 |0 0  |1 0  |3 erb  |4 0  |6 530_120000000000000_GOL_1993  |7 0  |8 A  |9 376721  |a BIBING  |b BIBING  |i 5285542  |o 530.12 GOL 1993  |p 5285542  |r 2025-01-20  |w 2019-11-21  |y BK  |z Catalogado en:20160512  |k EII